<?xml version="1.0" encoding="UTF-8"?>
<record
    xmlns:xsi="http://www.w3.org/2001/XMLSchema-instance"
    xsi:schemaLocation="http://www.loc.gov/MARC21/slim http://www.loc.gov/standards/marcxml/schema/MARC21slim.xsd"
    xmlns="http://www.loc.gov/MARC21/slim">

  <leader>02395nam a22003134a 4500</leader>
  <controlfield tag="001">493</controlfield>
  <controlfield tag="003">OSt</controlfield>
  <controlfield tag="005">20260129101926.0</controlfield>
  <controlfield tag="008">110919s2011    spb    g      000 f por  </controlfield>
  <datafield tag="020" ind1=" " ind2=" ">
    <subfield code="a">9788580440270</subfield>
  </datafield>
  <datafield tag="040" ind1=" " ind2=" ">
    <subfield code="b">por</subfield>
  </datafield>
  <datafield tag="041" ind1="1" ind2=" ">
    <subfield code="a">por</subfield>
    <subfield code="h">eng</subfield>
  </datafield>
  <datafield tag="082" ind1="0" ind2="4">
    <subfield code="a">813</subfield>
    <subfield code="b">M381f</subfield>
  </datafield>
  <datafield tag="100" ind1=" " ind2=" ">
    <subfield code="a">Martin, George R. R.,</subfield>
    <subfield code="d">1948-</subfield>
    <subfield code="9">1062</subfield>
  </datafield>
  <datafield tag="240" ind1="0" ind2="2">
    <subfield code="a">A clash of kings.</subfield>
  </datafield>
  <datafield tag="245" ind1="1" ind2="2">
    <subfield code="a">A f&#xFA;ria dos reis /</subfield>
    <subfield code="c">George R. R. Martin ; tradu&#xE7;&#xE3;o Jorge Candeias. </subfield>
  </datafield>
  <datafield tag="260" ind1=" " ind2=" ">
    <subfield code="a">S&#xE3;o Paulo :</subfield>
    <subfield code="b">Leya,</subfield>
    <subfield code="c">2011.</subfield>
  </datafield>
  <datafield tag="300" ind1=" " ind2=" ">
    <subfield code="a">653p. ;</subfield>
  </datafield>
  <datafield tag="490" ind1="1" ind2=" ">
    <subfield code="a">(As cr&#xF4;nicas de gelo e fogo ;</subfield>
    <subfield code="v">2).</subfield>
  </datafield>
  <datafield tag="520" ind1=" " ind2=" ">
    <subfield code="a">De um dos maiores mestres da fantasia surge um &#xE9;pico magistral, poderoso como voc&#xEA; jamais viu...Em 'A f&#xFA;ria dos Reis', o segundo livro da aclamada s&#xE9;rie As cr&#xF4;nicas de gelo e fogo, George R. R. Martin segue a &#xE9;pica aventura nos Sete Reinos, onde muitos perigos e disputas ainda est&#xE3;o por vir. Al&#xE9;m dos combates que se estendem por todos os lados, a amea&#xE7;a agora tamb&#xE9;m chega pelo c&#xE9;u! Mist&#xE9;rio, intrigas, romance e aventura encher&#xE3;o as p&#xE1;ginas deste livro, agora tamb&#xE9;m um blockbuster da HBO! Quando um cometa vermelho cruza o c&#xE9;u de Westeros, os Sete Reinos est&#xE3;o em plena guerra civil. Os ex&#xE9;rcitos dos Stark e dos Lannister est&#xE3;o se preparando para o confronto final, e Stannis-irm&#xE3;o do falecido Rei Robert-, desejoso de possuir um ex&#xE9;rcito que lute pela sua reivindica&#xE7;&#xE3;o ao trono, alia-se a uma misteriosa religi&#xE3;o oriental. Por&#xE9;m, seu irm&#xE3;o mais novo tamb&#xE9;m se proclama rei. E, enquanto isso, os Greyjoy planejam vingan&#xE7;a contra todos os que os humilharam dez anos atr&#xE1;s. Ainda, no distante Leste, poderosos drag&#xF5;es est&#xE3;o prestes a chegar aos Sete Reinos, trazendo fogo e morte...Um perigo de propor&#xE7;&#xF5;es gigantescas, muito maior do que as grandes guerras! Nesta t&#xE3;o esperada sequ&#xEA;ncia de A guerra dos tronos, George R. R. Martin cria uma obra de incr&#xED;vel poder e imagina&#xE7;&#xE3;o. A f&#xFA;ria dos reis nos transporta at&#xE9; um mundo de gl&#xF3;ria e vingan&#xE7;a, de guerras e magia, onde poder e mis&#xE9;ria podem se alterar no virar de uma p&#xE1;gina. Uma obra singular da literatura fant&#xE1;stica.


</subfield>
  </datafield>
  <datafield tag="650" ind1="0" ind2="0">
    <subfield code="a">Literatura Americana</subfield>
    <subfield code="9">84</subfield>
  </datafield>
  <datafield tag="650" ind1="0" ind2="0">
    <subfield code="a">Fantasia &#xC9;pica</subfield>
    <subfield code="9">902</subfield>
  </datafield>
  <datafield tag="650" ind1="0" ind2="0">
    <subfield code="a">Reinos fict&#xED;cios</subfield>
    <subfield code="9">1065</subfield>
  </datafield>
  <datafield tag="655" ind1=" " ind2="0">
    <subfield code="a">Romance</subfield>
    <subfield code="9">23</subfield>
  </datafield>
  <datafield tag="655" ind1=" " ind2="0">
    <subfield code="a">Fic&#xE7;&#xE3;o </subfield>
    <subfield code="9">22</subfield>
  </datafield>
  <datafield tag="700" ind1=" " ind2=" ">
    <subfield code="a">Candeias, Jorge,</subfield>
    <subfield code="d">1966-</subfield>
    <subfield code="9">1064</subfield>
  </datafield>
  <datafield tag="830" ind1=" " ind2=" ">
    <subfield code="a">As cr&#xF4;nicas de gelo e fogo</subfield>
    <subfield code="9">1063</subfield>
  </datafield>
  <datafield tag="942" ind1=" " ind2=" ">
    <subfield code="2">ddc</subfield>
    <subfield code="n">0</subfield>
    <subfield code="c">BK</subfield>
  </datafield>
  <datafield tag="952" ind1=" " ind2=" ">
    <subfield code="0">0</subfield>
    <subfield code="1">0</subfield>
    <subfield code="2">ddc</subfield>
    <subfield code="4">0</subfield>
    <subfield code="7">0</subfield>
    <subfield code="8">FIC</subfield>
    <subfield code="a">BIBIB</subfield>
    <subfield code="b">BIBIB</subfield>
    <subfield code="c">LE</subfield>
    <subfield code="d">2026-01-29</subfield>
    <subfield code="e">doa&#xE7;&#xE3;o</subfield>
    <subfield code="l">0</subfield>
    <subfield code="o">813 / M381f</subfield>
    <subfield code="p">2026-17427</subfield>
    <subfield code="r">2026-01-29 07:43:27</subfield>
    <subfield code="w">2026-01-29</subfield>
    <subfield code="y">BK</subfield>
  </datafield>
  <datafield tag="999" ind1=" " ind2=" ">
    <subfield code="c">493</subfield>
    <subfield code="d">493</subfield>
  </datafield>
</record>
